Harry Potter and the Philosopher's Stone - All Chapters - Statistics

General Stats
  • This quiz has been taken 60 times
  • The average score is 13 of 17
Answer Stats
Hint Answer % Correct
1 The Boy Who Lived
97%
5 Diagon Alley
90%
11 Quidditch
90%
3 The Letters from No One
90%
2 The Vanishing Glass
90%
7 The Sorting Hat
84%
10 Hallowe'en
81%
4 The Keeper of the Keys
81%
6 The Journey from Platform Nine and Three Quarters
77%
17 The Man with Two Faces
77%
16 Through the Trapdoor
74%
14 Norbert the Norwegian Ridgeback
71%
8 The Potions Master
71%
13 Nicolas Flamel
68%
15 The Forbidden Forest
68%
9 The Midnight Duel
68%
12 The Mirror of Erised
61%
No matching quizzes found
Score Distribution
Percent of People with Each Score
Percentile by Number Answered
Your Score History
You have not taken this quiz